| 000 | 01303cab a2200337 4500 | ||
|---|---|---|---|
| 001 | ABS59244 | ||
| 008 | 090401t1998 xxu||||| |||| 00| 0 eng d | ||
| 035 | _a(Sirsi) u88242 | ||
| 041 | _aeng | ||
| 100 | _aBurnett-Hall, R. | ||
| 245 | _aKeep it clean | ||
| 260 | _c1998 | ||
| 350 | _a0 | ||
| 490 |
_aEstates Gazette _v(9834) 22 August 1998, 78-80(3) |
||
| 520 | _aDiscusses the implications of the decision in "Empress Car Company (Abertillery) Ltd v National Rivers Authority", which revisited the whole concept of `causing` pollution and its relationship to `knowingly permitting` it. Reviews previous water pollution cases. Considers the provisions of s161A of the Water Resources Act, and Part IIA of the Environmental Protection Act 1990. | ||
| 650 | _aCAUSE | ||
| 650 | _aCIVIL LIABILITIES | ||
| 650 | _aEMPRESS CAR CO (ABERTILLERY) LTD V NATIONAL RIVERS AUTHORITY | ||
| 650 | _aENVIRONMENTAL MANAGEMENT SYSTEMS | ||
| 650 | _aENVIRONMENTAL PROTECTION ACT 1990 PART II | ||
| 650 | _aKNOWINGLY PERMIT | ||
| 650 | _aLANDLORDS | ||
| 650 | _aNATIONAL RIVERS AUTHORITY V WELSH DEVELOPMENT AGENCY | ||
| 650 | _aPOLLUTION | ||
| 650 | _aTENANTS | ||
| 650 | _aWATER RESOURCES ACT 1991 S161 | ||
| 650 | _aWATERCOURSES | ||
| 690 | _aWATER | ||
| 942 | _n0 | ||
| 948 | _c02/09/1998 | ||
| 999 |
_c55748 _d55748 |
||